000 00641nam a22002177a 4500
003 UA-OsUOA
001 76113
007 ta
008 20110615b un ||||| |||| 00| 0 ukr d
100 _aДроб О.
090 _a330(477)
_bД75
942 _cSA
040 _aUA-OsUOA
_bukr
_cUA-OsUOA
_dUA-OsUOA
245 _aОптимізація трансфертного ціноутворення в економічних мережах: деякі теоретичні аспекти
300 _aС.86-94
955 _a0
041 _aukr
080 _a330(477)
773 0 _w76109
650 7 _a330 Економіка взагалі
_2UDC
999 _c362412
_d362412